000
00319 a2200157 4500
001
179351
020
_a
85-259-0030-3
040
_c
Magnum
100
_a
GuimarĂ£es, Marcia Meyer
240
1
0
_a
Curupira
_l
por
245
1
0
_a
Curupira
300
_a
12
362
0
_a
1899
697
_a
LITERATURA INFANTO
942
_c
BK
999
_c
179351
_d
179351